000 00522nam a2200157 4500
001 143519
003 ES-MaACL
005 20230906200834.0
007 t|
008 070214s1934 sp r ||||1| spa d
100 1 _aSequeros, Antonio.
_9105512
245 1 3 _aEl poeta y su musa
_b: discurso pronunciado en los juegos florales de Torrevieja, la noche del 14 de julio de 1934 /
_cAntonio Sequeros.
260 _aOrihuela :
_b[s.n.],
_c1934 (
_fImp. de Zerón)
300 _a19 p. ;
_c25 cm.
852 _aES-MaACL
_j1801-F-15
999 _c143519
_d143519